| 000 | 00445cam a2200181ua 4500 | ||
|---|---|---|---|
| 020 | _c13.50 | ||
| 041 |
_aeng _h |
||
| 082 |
_a320.2 _bVID/SE |
||
| 100 | _aVidyadhar mahajan, . | ||
| 245 |
_aSelect modern Governments / _cVidyadhar mahajan. _hTextual Documents |
||
| 250 |
_a7 / _b. |
||
| 260 |
_aNew Delhi : _bS.Chand & Sons , _c1966. |
||
| 300 | _a282 ; . | ||
| 365 | _a13.50 | ||
| 504 | _a | ||
| 942 | _cBK | ||
| 999 |
_c2256 _d2256 |
||